000 00496nam a2200157 i 4500
001 77988
003 ES-MaACL
007 t|
008 041008s1949 mx ||||1| spa d
100 1 _aGutiérrez Villasante, Luis.
_961238
245 1 4 _aUnas vacaciones carísimas
_b: novela de humor macabro /
_cLuis Gutiérrez Villasante.
250 _a[1ª ed.].
260 _aMéxico :
_bAndrés Botas,
_c1949 (
_fManuel León Sánchez)
300 _a259 p. ;
_c20 cm.
852 _aES-MaACL
_jE-712
_bR.26886
999 _c77988
_d77988